LIBRARY & INFORMATION CENTRE, KCAET, TAVANUR

ONLINE PUBLIC ACCESS CATALOGUE (OPAC)

Applied dairy microbiology (Record no. 13998)

MARC details
000 -LEADER
fixed length control field 00267nam a22001097a 4500
020 ## - INTERNATIONAL STANDARD BOOK NUMBER
ISBN 9788184114683
082 ## - DEWEY DECIMAL CLASSIFICATION NUMBER
Classification number 637.01579
Item number BHA/AP
100 ## - MAIN ENTRY--AUTHOR NAME
Personal name Bhardwaj, Gaurav
245 ## - TITLE STATEMENT
Title Applied dairy microbiology
260 ## - PUBLICATION, DISTRIBUTION, ETC. (IMPRINT)
Place of publication New Delhi
Name of publisher Sonali Publications
Year of publication 2012
942 ## - ADDED ENTRY ELEMENTS (KOHA)
Koha item type Books
Holdings
Withdrawn status Lost status Damaged status Collection code Home library Current library Shelving location Date acquired Source of acquisition Cost, normal purchase price Full call number Accession Number Koha item type
      Non-fiction KAUAET KAUAET General Stacks 30/03/2013 A & A , Tvpm 900.00 637.01579 BHA/AP 23817 Books
free website counter